| 000 | 02450cam a22005294i 4500 | ||
|---|---|---|---|
| 003 | PE-LiUPU | ||
| 005 | 20250731184555.0 | ||
| 008 | 150625s1998 pe a rb 000 0 spa d | ||
| 035 | _a(Sirsi) a38017 | ||
| 040 |
_aPE-LiUPU _bspa _cPE-LiUPU _erda |
||
| 082 | 0 | 4 |
_a985.15 _bI49 _221 |
| 100 | 1 |
_aIdacochea, Alejandro, _eautor. |
|
| 245 | 1 | 0 |
_aCajamarca competitiva / _cAlejandro Indacochea, Beatrice Avolio, Luis Bedoya .. [et al.]. |
| 264 | 1 |
_aLima, Perú : _bSaywa Ediciones, _c1998. |
|
| 300 |
_a250 páginas : _bilustraciones, gráficos ; _c24 centimetros |
||
| 336 |
_atext _2rdacontent |
||
| 337 |
_aunmediated _2rdamedia |
||
| 338 |
_avolume _2rdacarrier |
||
| 504 | _aIncluye bibliografía. | ||
| 505 | 0 | _aContexto mundial y nacional. -Cajamarca hoy: La subregión: Energía, transporte, agricultura, forestación, sector pecuario, minería, turismo, determinantes de la ventaja competitiva en la subregión. -Cajamarca del futuro: Marco conceptual para la competitividad regional, el potencial lechero, el potencial de la minería. El potencial del turismo. | |
| 526 | _aP136 | ||
| 526 | _aP135 | ||
| 526 | _aP134 | ||
| 526 | _aP133 | ||
| 526 | _aP144 | ||
| 526 | _aP143 | ||
| 526 | _aP87 | ||
| 526 | _aP35 | ||
| 526 | _aP20 | ||
| 526 | _aP14 | ||
| 526 | _aP10 | ||
| 526 | _aP06 | ||
| 650 | 0 | 4 |
_aProductividad _zPerú, Cajamarca. |
| 651 |
_aCajamarca (Perú : Departamento) _xCondiciones económicas. |
||
| 700 | 1 |
_aIndacochea Cáceda, Alejandro, _d1951- , _eautor. |
|
| 700 | 1 |
_aAvolio, Beatrice, _eautor. |
|
| 700 | 1 |
_aBedoya de Vivanco, Luis1946- , _eautor. |
|
| 910 |
_bjv _clch _d20070611 |
||
| 942 |
_2ddc _cBOOK |
||
| 949 |
_a985.15 I49 _wDEWEY _c1 _i57134 _lCCODEBUL1 _mBUL _p21.00 _r0 _sY _tBOOK _u2015-06-25 _xFCE _PP04 _0COMPRA _o.STAFF. Colección General |
||
| 949 |
_a985.15 I49 _wDEWEY _c2 _i49282 _lCCODEBUL1 _mBUL _p00.00 _r0 _sY _tBOOK _u2015-06-25 _xBIBLIOTECA _zUNKNOWN _0COMPRA _o.STAFF. Colección General |
||
| 596 | _a1 | ||
| 999 |
_a985.15 I49 _wDEWEY _c46255 _i57134 _f2019-12-11 _g4 _lCCODEBUL1 _mBUL _p21.00 _r0 _sY _tBOOK _u2015-6-25 _xFCE _PP04 _0COMPRA _o.STAFF. Colección General _d46255 |
||
| 999 |
_a985.15 I49 _wDEWEY _c2 _i49282 _f2019-12-11 _g5 _lCCODEBUL1 _mBUL _p21.00 _r0 _sY _tBOOK _u2015-6-25 _xFCE _zUNKNOWN _0COMPRA _o.STAFF. Colección Ciencias Empresariales |
||
| 980 |
_81 _gALBERTO SANCHEZ Responsable de Automatización |
||